000 01355cam a2200337 a 4500
001 EDZ0000072152
003 StDuBDS
005 20161031105154.0
006 m||||||||d||||||||
007 cr |||||||||||
008 120412s2007 caua fo| 001|0|eng d
020 _a9781446212240 (ebook) :
_cNo price
040 _aStDuBDS
_beng
_cStDuBDS
_epn
049 _aAlfaisal Main Library
050 0 _aHF1025
_b.P65 2007
082 0 4 _a330.9
_223
245 0 0 _aPolitics and practice in economic geography
_h[electronic resource] /
_cedited by Adam Tickell ... [et al.].
260 _aLos Angeles, Calif. ;
_aLondon :
_bSAGE,
_c2007.
300 _a1 online resource (xv, 320 p.) :
_bill.
504 _aIncludes bibliographical references and index.
520 8 _aA critical assessement of qualitative and quantative methods in economic geography, this text discusses key methodological issues in economic geography during the last 20 years.
521 _aSpecialized.
588 _aDescription based on print version record.
650 0 _aEconomic geography.
655 7 _aElectronic books.
_2local
700 1 _aTickell, Adam.
710 2 _aSage eBooks
776 0 8 _iPrint version :
_z9781412907866
856 4 0 _uhttp://ezproxy.alfaisal.edu/login?url=http://sk.sagepub.com/books/politics-and-practice-in-economic-geography
942 _2lcc
_cEBOOKS
999 _c480898
_d480898